000
00322nam a2200133Ia 4500
008
151213s9999 xx 000 0 und d
100
_a
C.P. Snow
245
_a
The Light & The Dark
_c
C.P. Snow
260
_a
London
_b
Penguing Books
_c
1947
300
_a
4601 p.
650
_a
Reference
700
_a
C.P. Snow
999
_c
2959
_d
2959